Σκέψεις για την πολιτική και την επανάσταση

Αποθηκεύτηκε σε:
Λεπτομέρειες βιβλιογραφικής εγγραφής
Κύριος συγγραφέας: Arendt, Hannah 1906-1975
Άλλοι συγγραφείς: Ροζάνης, Στέφανος, 1942- (Μεταφραστής)
Μορφή: Βιβλίο
Γλώσσα:Greek
Δημοσίευση: Αθήνα : Εράσμος, 1987
Σειρά:Οι ιδέες ; ; 14
Θέματα:
Ετικέτες: Προσθήκη ετικέτας
Δεν υπάρχουν, Καταχωρήστε ετικέτα πρώτοι!

MARC

LEADER 00000nam a2200000 i 4500
001 1/99578
008 950403s1987 gre d
035 |l 10011362 
040 |a GR-MY-UA  |b gre  |e aacr 
041 0 |a gre 
082 0 |a 320.01 
100 1 |a Arendt, Hannah  |d 1906-1975. 
245 1 0 |a Σκέψεις για την πολιτική και την επανάσταση /  |c Hanna Arendt ; Μετάφραση Στέφανου Ροζάνη 
260 |a Αθήνα :   |b Εράσμος,   |c 1987 
300 |a 44 σ. 
490 1 |a Οι ιδέες  |v ; 14 
650 0 0 |a Revolutions. 
650 0 0 |a Political science. 
700 1 |a Ροζάνης, Στέφανος,   |d 1942-  |4 trl 
830 0 |a Οι ιδέες ;  |v ; 14 
852 |a INST  |b LESVOS  |e 19950403  |h 320.01 ARE  |p 005100006388  |q 005100006388  |t BK  |y 0 
909 |a Λ  |b 032271 
922 |a 1ΕΛΗ  |b 199311  |c ΑΝΑΝΙΑΔΗΣ